000
00285nam a2200121Ia 4500
005
20251222175920.0
008
251222s9999||||xx |||||||||||||| ||spa||
020
_a
8420652288
082
_a
330.03/T18
100
_a
Tamanes, Ramón
245
0
_a
Diccionario de Economía
942
_c
LIB
999
_c
40654
_d
40654